000
00231 a2200097 4500
001
35932
100
_a
Gerlach V S
245
_a
An interactive approach to Basic
260
_a
NY
_b
MAcmillan
_c
1984
090
_c
23482
_d
23482
942
_a
NUST-CAE
_c
MONOGRAPH
_c
14983
999
_c
271005
_d
271005